00174nam a22000857a 4500082001300000100000900013245002800022260003100050300000700081 a621.3JHA aJha  aElectrical engineering  aNew DelhibBobby Pubc1980 a20